football teams in Liverpool - Statistics

General Stats
  • This quiz has been taken 273 times
  • The average score is 2 of 5
Answer Stats
Hint Answer % Correct
Liverpools enemy's Everton
98%
where's red as home kit Liverpool
96%
where blue and white tranmere rovers
26%
there name starts with an A and ends with a M Altrincham
9%
where green and yellow on their kit Vauxhall
1%
No matching quizzes found
Score Distribution
Percent of People with Each Score
Percentile by Number Answered
Your Score History
You have not taken this quiz